Family Feud #25 - Statistics

General Stats
  • This quiz has been taken 12 times
  • The average score is 3 of 7
Answer Stats
Hint Answer % Correct
12 Hat
90%
5 Jewelry
50%
6 Shoe
50%
10 Keys
30%
29 Money
30%
10 Sunglasses
30%
18 Their Lunch
10%
No matching quizzes found
Score Distribution
Percent of People with Each Score
Percentile by Number Answered
Your Score History
You have not taken this quiz